| 000 | 00689pam a2200241 a 4500 | ||
|---|---|---|---|
| 999 |
_c4019 _d4019 |
||
| 001 | 4036 | ||
| 003 | BD-DhUAP | ||
| 005 | 20200316150738.0 | ||
| 008 | 200316s1996 ii a 000 0 eng | ||
| 020 | _a818561752X | ||
| 040 |
_aDLC _cDLC _dBD-DhUAP _bEng |
||
| 082 | 0 | 0 |
_a423.1 APP _223 |
| 100 | 1 | _aApplebee, Jane. | |
| 245 | 1 | 0 |
_aHelp with idioms / _cJane Applebee and Anton Rush. |
| 250 | _a1st Indian ed. | ||
| 260 |
_aNew Delhi : _bHeinemann, _cc1996. |
||
| 300 |
_avi, 122 pages : _billustrations ; _c25 cm. |
||
| 490 | _aHeinemann English Language Practice Series | ||
| 500 | _aIncludes index | ||
| 650 | 0 |
_aEnglish language _vIdioms. |
|
| 700 | _aRush, Anton. | ||
| 942 |
_2ddc _cBK |
||